000 00324nam a2200121Ia 4500
008 180117s9999 xx 000 0 und d
100 _aby Jasmine Agnes T Cruz
245 _aArtist- Run Spaces of the Future
260 _c2016
300 _a9-14 pages, 2016 February 28
440 _aPhilippine Panorama
650 _aARTIST
999 _c353516
_d353516